Makovička čítanka pre žiakov ZŠ s vývinovou poruchou čítania 1. časť

Podrobná bibliografia
Hlavný autor: Batiková, Stanislava (Autor)
Ďalší autori: Chovanová, Kvetoslava (Ilustrátor)
Médium: Kniha
Jazyk:slovenčina
Fyzický popis:74 s. 30 cm
Vydavateľské údaje: Bratislava Proxima press 2004
ISBN:8085454629
Vydanie:2. vyd.
Predmet:

MARC

LEADER 00000nam a2200000 a 4500
001 vtls001474985
003 SK-MaSNL
005 20260302073542.0
008 240318s2004 xo a c p 000 0 slo
015 |a SNBA2005/03-01013 
020 |a 8085454629  |q (brož.) 
035 |a SNK000430286 
035 |a urn:nbn:sk:snk-amyfcs 
035 |a urn:nbn:sk:snk-am00cexw 
035 |a 47CFBCC2-51DA-45A2-AE06-8BDB684A05E1 
040 |a SNK  |b slo  |c SNK  |e AACR2 
041 0 |a slo 
044 |a xo  |c SK 
072 7 |a 376  |x Výchova a vzdelávanie zvláštnych skupín osôb  |2 konspekt 
072 7 |a 616  |x Patológia. Klinická medicína  |2 konspekt 
080 |a 616.89-008.434.5  |2 MDT-MRF 
080 |a 371.3  |2 MDT-MRF 
080 |a (075.2)  |2 MDT-MRF 
100 1 |a Batiková, Stanislava  |4 aut  |9 318002 
245 1 0 |a Makovička  |b čítanka pre žiakov ZŠ s vývinovou poruchou čítania  |n 1. časť  |c S. Batiková, K. Chovanová 
250 |a 2. vyd. 
260 |a Bratislava  |b Proxima press  |c 2004 
300 |a 74 s.  |c 30 cm 
504 |a Metodické poznámky k práci s učebnicou 
650 0 7 |a čítanie  |2 SNKPH  |9 1654 
650 0 7 |a dyslexia  |2 SNKPH  |9 3734 
650 0 7 |a vyučovanie  |2 SNKPH  |9 1522 
655 7 |a učebnice špeciálnych základných škôl  |2 SNKPH  |9 70204 
700 1 |a Chovanová, Kvetoslava  |4 ill  |9 318003 
919 |a 80-85454-62-9 
968 |d 37 
999 |c 1161280  |d 1163210 
952 |t P60, <03>, [BOOK], {603}, -K-  |a SNK  |b SNK  |y PREZ  |7 0  |p 17A0429187  |o snkSB 68624/1  |i snkKSP 6725/2004  |0 0  |1 0  |4 0  |d 2004-05-18  |f 1  |l 0  |r 2017-06-30 00:00:00  |w 2026-02-24 
952 |t P60, <04>, [BOOK], {604}  |a SNK  |b SNK  |y VYP  |7 0  |p 17A0429188  |o snkSB 68624/1 D1  |i snkKSP 6726/2004  |0 0  |1 0  |4 0  |d 2004-05-18  |l 0  |r 2005-01-02 00:00:00  |w 2026-02-24